| 000 | 00352nam a2200145Ia 4500 | ||
|---|---|---|---|
| 008 | 150201s1996 xx 000 0 und d | ||
| 082 |
_a617.525 _bM1996H |
||
| 100 | _aHOWE,J.L | ||
| 245 | _aMINOR ORAL SURGERY | ||
| 250 | _a3RD | ||
| 260 |
_bVARGHESE PUBLICATION` _aDADAR(MUMBAI) _c1996 |
||
| 300 | _a1-428 | ||
| 650 | _aORAL SURGERY | ||
| 942 |
_2ddc _cBK |
||
| 999 |
_c4375 _d4375 |
||